000 00785nas a2200253 4500
001 BR2010005745
003 BR-BrBNA
005 20231205114747.0
007 ta
008 230509b bl.|||p| |||| 00| 00por d
040 _aBR-BrBNA
_bpor
_cBiblioteca Nacional de Agricultura
041 _a(En)
072 _aL70
100 1 _aReis, A.G.M.S.
100 1 _aBaccarin, R.Y.A.
245 1 _aThe cross-sectional area of the superficial digital flexor tendon of trained and untrained Thoroughbred racehorses
650 _aCAVALO
650 _aTENDÃO
650 _aTREINAMENTO
650 _aVETERINÁRIA
773 0 _tCiência Rural (Brazil)
_xISSN 0103-8478
_g(Aug 2010), v. 40(8) p. 1786-1790
_wBR2010005745
909 _a202311
_bLúcia
_c55
_dLúcia Elande
942 _2AGRIS
_n0
_cANA
999 _c210342
_d210342